| 000 | 00833nam a2200241 i 4500 | ||
|---|---|---|---|
| 001 | 184169 | ||
| 003 | ES-MaACL | ||
| 005 | 20250414185920.0 | ||
| 008 | 150408s1967 sp |||| |dspa d | ||
| 080 | _a821.133.1 Beauvoir, Simone de 1.07 | ||
| 100 | 1 |
_aGennari, Geneviève. _956324 |
|
| 245 | 1 | 0 |
_aSimone de Beauvoir / _cGeneviève Gennari ; [traducido... por Dionisio Pérez]. |
| 250 | _a1ª ed. | ||
| 260 |
_aBarcelona : _bFontanella, _c1967. |
||
| 300 |
_a152 p. ; _c17 cm. |
||
| 490 | 1 |
_aTestigos del siglo XX ; _v18 |
|
| 504 | _aBibliografía: p. 151-152. | ||
| 600 | 1 | 7 |
_aBeauvoir, Simone de, _d1908-1986- _xCrítica e interpretación _2 _9156672 |
| 700 | 1 |
_aPérez, Dionisio, _d1926-2010 _9240037 |
|
| 830 | 0 |
_aTestigos del siglo XX ; _v18 _9192049 |
|
| 852 |
_aES-MaACL _jE-15539 |
||
| 999 |
_c184169 _d184169 |
||